राग पर्व / (Record no. 114787)

MARC details
000 -LEADER
fixed length control field 00940nam a22002537a 4500
005 - DATE AND TIME OF LATEST TRANSACTION
control field 20170124103014.0
010 ## - LIBRARY OF CONGRESS CONTROL NUMBER
LC control number B-080230
020 ## - INTERNATIONAL STANDARD BOOK NUMBER
Terms of availability 125.00
International Standard Book Number 8188014249
035 ## - SYSTEM CONTROL NUMBER
System control number B-080230
037 ## - SOURCE OF ACQUISITION
Source of stock number/acquisition Cen Lib/Ret
040 ## - CATALOGING SOURCE
Original cataloging agency DPL
Language of cataloging HN
082 ## - DEWEY DECIMAL CLASSIFICATION NUMBER
Classification number
Item number यात्रीसे
100 ## - MAIN ENTRY--PERSONAL NAME
Personal name यात्री, से. रा.
9 (RLIN) 58339
245 ## - TITLE STATEMENT
Title राग पर्व /
Statement of responsibility, etc से.रा. यात्री
246 ## - VARYING FORM OF TITLE
Title proper/short title Raag parav /
Remainder of title by Se Raa Yatri
260 ## - PUBLICATION, DISTRIBUTION, ETC. (IMPRINT)
Place of publication, distribution, etc दिल्ली
Name of publisher, distributor, etc अखिल भारती
Date of publication, distribution, etc 2003
270 ## - ADDRESS
City दिल्ली
Address 3014, चर्खेवालान
Postal code 110006
300 ## - PHYSICAL DESCRIPTION
Extent 112पृ.
Dimensions 21सेमी (सजिल्द)
650 ## - SUBJECT ADDED ENTRY--TOPICAL TERM
Topical term or geographic name as entry element हिन्दी साहित्य
9 (RLIN) 58340
650 ## - SUBJECT ADDED ENTRY--TOPICAL TERM
Topical term or geographic name as entry element कहानी संग्रह
9 (RLIN) 58341
650 ## - SUBJECT ADDED ENTRY--TOPICAL TERM
Topical term or geographic name as entry element Hindi literature
9 (RLIN) 58342
650 ## - SUBJECT ADDED ENTRY--TOPICAL TERM
Topical term or geographic name as entry element Story collection
9 (RLIN) 58343
942 ## - ADDED ENTRY ELEMENTS (KOHA)
Source of classification or shelving scheme Dewey Decimal Classification
Koha item type Hindi Books
Classification part
Call number suffix यात्रीसे
Holdings
Withdrawn status Lost status Damaged status Not for loan Home library Current library Date acquired Source of acquisition Cost, normal purchase price Total Checkouts Full call number Barcode Date last seen Copy number Cost, replacement price Price effective from Koha item type
        Central Library Central Library 18/08/2015 Cen Lib/Ret 125.00   क यात्रीसे B-080230 18/08/2015 1 125.00 18/08/2015 Hindi Books

© Delhi Public Library
Hit Counter
free hit counter